[Event "25th Abu Dhabi Master 2018"]
[Site "Abu Dhabi"]
[Date "2018.08.14"]
[Round "8"]
[White "Abdusattorov, Nodirbek"]
[Black "Akopian, Vladimir"]
[Result "1-0"]
[WhiteElo "2539"]
[BlackElo "2655"]
[Annotator "TA"]
[PlyCount "81"]
[EventDate "2018.08.05"]
[EventType "swiss"]
[EventCountry "UAE"]
[SourceTitle "playchess.com"]
[Source "ChessBase"]
[SourceQuality "1"]

1. e4 c5 2. Nf3 e6 3. d4 cxd4 4. Nxd4 a6 5. c4 Nf6 6. Nc3 Qc7 7. a3 b6 8. Be3 Bb7 9. f3 d6 10. Be2 Be7 11. O-O O-O 12. Rc1 Nbd7 13. b4 Rac8 14. Kh1 Qb8 15. Qd2 Ba8 16. Rfd1 Rfe8 17. Bg1 Ne5 18. Na4 Nfd7 19. f4 Ng6 20. Nc3 Nxf4 21. Qxf4 e5 22. Qf5 exd4 23. Bxd4 Ne5 24. Rf1 Bf6 25. Nd5 Bxd5 26. exd5 Rc7 27. Rc2 Nd7 28. Bg1 Re5 29. Qh3 Nf8 30. Bd3 Rce7 31. Bd4 Re1 32. Bxf6 Rxf1+ 33. Bxf1 gxf6 34. Rf2 Ng6 35. Qf3 Re1 36. Qxf6 Ne5 37. h3 Ra1 38. c5 bxc5 39. bxc5 Rd1 40. cxd6 Rxd5 41. Rf5 1-0

[Event "25th Abu Dhabi Master 2018"]
[Site "Abu Dhabi"]
[Date "2018.08.14"]
[Round "8"]
[White "Kadric, Denis"]
[Black "Lupulescu, Constantin"]
[Result "1-0"]
[WhiteElo "2537"]
[BlackElo "2619"]
[Annotator "TA"]
[PlyCount "123"]
[EventDate "2018.08.05"]
[EventType "swiss"]
[EventCountry "UAE"]
[SourceTitle "playchess.com"]
[Source "ChessBase"]
[SourceQuality "1"]

1. e4 c5 2. Nc3 e6 3. Nf3 a6 4. g3 Nc6 5. Bg2 b5 6. O-O Bb7 7. Re1 d6 8. d4 cxd4 9. Nxd4 Nxd4 10. Qxd4 Ne7 11. f4 Nc6 12. Qf2 Be7 13. Be3 O-O 14. Rad1 Re8 15. Rd3 Qc7 16. Bb6 Qb8 17. Red1 b4 18. Na4 a5 19. c4 bxc3 20. Rxc3 Rc8 21. Be3 Bd8 22. Qd2 d5 23. exd5 exd5 24. Bxd5 Bf6 25. Nb6 Bxc3 26. Qxc3 Rd8 27. Nxa8 Ne7 28. Bb3 Rxd1+ 29. Bxd1 Nd5 30. Qb3 Qxa8 31. Bf3 a4 32. Qb5 h6 33. Bd4 Bc6 34. Qc5 Qb7 35. Kf2 Qd7 36. Be5 f6 37. Bd6 Qb7 38. Qd4 Kh8 39. Ba3 Qa8 40. Qc5 Kg8 41. Be4 Ne7 42. Bd3 Nd5 43. Bg6 Qc8 44. Qd6 Bb7 45. Be4 Nb6 46. Bd3 Nc4 47. Qc5 Qxc5+ 48. Bxc5 Nxb2 49. Bc2 Bd5 50. a3 Bb3 51. Bb1 Nd1+ 52. Ke1 Nc3 53. Bg6 Bf7 54. Bd3 Bd5 55. Bb4 Ne4 56. Ke2 f5 57. Ke3 Kf7 58. Kd4 Ke6 59. Bf8 g5 60. g4 gxf4 61. gxf5+ Kf7 62. Bxe4 1-0

[Event "25th Abu Dhabi Master 2018"]
[Site "Abu Dhabi"]
[Date "2018.08.14"]
[Round "8"]
[White "Puranik, Abhimanyu"]
[Black "Raetsky, Alexander"]
[Result "1-0"]
[WhiteElo "2514"]
[BlackElo "2380"]
[Annotator "ChessBase"]
[PlyCount "81"]
[EventDate "2018.08.05"]
[EventType "swiss"]
[EventCountry "UAE"]
[SourceTitle "playchess.com"]
[Source "ChessBase"]
[SourceQuality "1"]

1. Nf3 d5 2. g3 Nc6 3. d4 Bg4 4. Bg2 Qd7 5. O-O e6 6. c4 dxc4 7. Nbd2 Rd8 8. Qc2 Nf6 9. h3 Bh5 10. Qxc4 Be7 11. Nb3 O-O 12. Bg5 Nd5 13. Bxe7 Qxe7 14. e3 f6 15. Rac1 Rb8 16. Nc5 Bf7 17. e4 Nb6 18. Qc3 Nd8 19. a4 c6 20. Rfe1 Nd7 21. Nd3 Re8 22. e5 Nb6 23. Qa5 Qc7 24. Nd2 Re7 25. Ne4 f5 26. Nd6 Nc8 27. Qb4 a5 28. Qa3 Rd7 29. Nc5 Rxd6 30. exd6 Qxd6 31. Qc3 Ne7 32. Nd3 b6 33. Ne5 Be8 34. Re2 Nd5 35. Qb3 Bh5 36. Nxc6 Rc8 37. Bxd5 Bxe2 38. Ne7+ Qxe7 39. Rxc8 Kf7 40. Qc2 exd5 41. Rc7 1-0

[Event "25th Abu Dhabi Master 2018"]
[Site "Abu Dhabi"]
[Date "2018.08.14"]
[Round "8"]
[White "Saduakassova, Dinara"]
[Black "Bhambure, Shantanu"]
[Result "1-0"]
[WhiteElo "2495"]
[BlackElo "2194"]
[Annotator "ChessBase"]
[PlyCount "87"]
[EventDate "2018.08.05"]
[EventType "swiss"]
[EventCountry "UAE"]
[SourceTitle "playchess.com"]
[Source "ChessBase"]
[SourceQuality "1"]

1. d4 Nf6 2. c4 e6 3. Nf3 d5 4. g3 Bb4+ 5. Bd2 Be7 6. Bg2 O-O 7. O-O c6 8. Qc2 b6 9. Bf4 Ba6 10. cxd5 cxd5 11. Rc1 Nbd7 12. Nc3 Nh5 13. Qa4 Nxf4 14. Qxa6 Nxg2 15. Kxg2 Qc8 16. Qxc8 Rfxc8 17. Nb5 Rd8 18. Nc7 Rab8 19. a4 Rb7 20. Rc3 Bd6 21. Rac1 Kf8 22. Ne1 Ke7 23. Nd3 f6 24. Nb5 Nb8 25. b4 a6 26. Nxd6 Rxd6 27. b5 axb5 28. axb5 Rd8 29. Nb4 Re8 30. Rc8 Kd7 31. Rxe8 Kxe8 32. Rc8+ Kd7 33. Rh8 h6 34. Rg8 Kd6 35. f3 e5 36. e3 exd4 37. exd4 Ke6 38. f4 g5 39. Kf3 Nd7 40. Re8+ Kd6 41. f5 Ra7 42. Re6+ Kc7 43. Nxd5+ Kd8 44. Nxf6 1-0

[Event "25th Abu Dhabi Master 2018"]
[Site "Abu Dhabi"]
[Date "2018.08.14"]
[Round "8"]
[White "Swapnil, S  Dhopade"]
[Black "Soumya, Swaminathan"]
[Result "1-0"]
[WhiteElo "2487"]
[BlackElo "2361"]
[Annotator "TA"]
[PlyCount "119"]
[EventDate "2018.08.05"]
[EventType "swiss"]
[EventCountry "UAE"]
[SourceTitle "playchess.com"]
[Source "ChessBase"]
[SourceQuality "1"]

1. d4 Nf6 2. c4 g6 3. Nc3 d5 4. Nf3 Bg7 5. e3 O-O 6. Bd2 b6 7. cxd5 Nxd5 8. Bc4 Bb7 9. Rc1 e6 10. O-O Nd7 11. Nxd5 exd5 12. Bb5 a6 13. Ba4 Rc8 14. Bc6 Bxc6 15. Rxc6 Nb8 16. Rc2 Re8 17. Bb4 Nd7 18. Qd2 Qf6 19. Rfc1 c6 20. Qd3 a5 21. Ba3 Rc7 22. Nd2 Qe6 23. Nb1 b5 24. Bc5 Nxc5 25. Rxc5 Rec8 26. R5c2 Bf8 27. Nc3 Bd6 28. g3 h5 29. h4 Kg7 30. Kg2 f6 31. a4 b4 32. Ne2 g5 33. Rh1 Rh8 34. Ng1 Qe4+ 35. Qxe4 dxe4 36. Ne2 Kg6 37. Nc1 c5 38. dxc5 Rxc5 39. Rxc5 Bxc5 40. Nb3 Bb6 41. Rc1 gxh4 42. Rc6 Bd8 43. gxh4 Kf5 44. Kh3 Be7 45. Ra6 Rc8 46. Rxa5+ Kg6 47. Rd5 f5 48. Nd4 Bf6 49. Nxf5 Rc2 50. Kg2 Bxb2 51. Rb5 Bf6 52. Ng3 Rc4 53. a5 Bxh4 54. a6 Bxg3 55. Kxg3 Rc6 56. a7 Ra6 57. Rb6+ Rxb6 58. a8=Q Re6 59. Qd5 Kf6 60. Qxh5 1-0

[Event "25th Abu Dhabi Master 2018"]
[Site "Abu Dhabi"]
[Date "2018.08.14"]
[Round "8"]
[White "Harsha Bharathakoti"]
[Black "Vocaturo, Daniele"]
[Result "1-0"]
[WhiteElo "2454"]
[BlackElo "2617"]
[Annotator "TA RC"]
[PlyCount "97"]
[EventDate "2018.08.05"]
[EventType "swiss"]
[EventCountry "UAE"]
[SourceTitle "playchess.com"]
[Source "ChessBase"]
[SourceQuality "1"]

1. c4 e5 2. Nc3 Nf6 3. Nf3 Nc6 4. e3 Bb4 5. Qc2 d6 6. Ne2 a5 7. a3 Bc5 8. b3 O-O 9. Ng3 h6 10. Be2 Re8 11. d3 d5 12. cxd5 Qxd5 13. O-O Bf8 14. Bb2 Be6 15. Nd2 Rad8 16. Rfd1 g6 17. Rac1 Bg7 18. h3 Qd7 19. Nge4 Nxe4 20. dxe4 Qe7 21. Bb5 Rd6 22. Rf1 Red8 23. Nc4 Bxc4 24. Bxc4 Nb8 25. Bc3 b6 26. b4 axb4 27. Bxb4 c5 28. Bc3 Nd7 29. Qb2 Kh7 30. Rcd1 f6 31. Rxd6 Qxd6 32. Qb3 Qe7 33. a4 f5 34. exf5 gxf5 35. Be6 f4 36. exf4 exf4 37. Bf5+ Kh8 38. Re1 Qf8 39. Bxg7+ Kxg7 40. Bxd7 Rxd7 41. Qxb6 Qf5 42. a5 f3 43. g4 Qg5 44. Qb2+ Kg8 45. Qb3+ Rf7 46. a6 Qd2 47. Ra1 Kf8 48. Qxf7+ Kxf7 49. a7 1-0

[Event "25th Abu Dhabi Master 2018"]
[Site "Abu Dhabi"]
[Date "2018.08.14"]
[Round "8"]
[White "Laxman, R R"]
[Black "Zuo, Yifan"]
[Result "1/2-1/2"]
[WhiteElo "2449"]
[BlackElo "2334"]
[Annotator "NA"]
[PlyCount "125"]
[EventDate "2018.08.05"]
[EventType "swiss"]
[EventCountry "UAE"]
[SourceTitle "playchess.com"]
[Source "ChessBase"]
[SourceQuality "1"]

1. d4 Nf6 2. c4 e6 3. Nf3 Bb4+ 4. Bd2 Qe7 5. g3 O-O 6. Bg2 Bxd2+ 7. Qxd2 d6 8. Nc3 e5 9. O-O Re8 10. e4 Bg4 11. Ne1 Nc6 12. Nc2 exd4 13. Nxd4 Ne5 14. b3 c5 15. Nf5 Qd7 16. f4 Bxf5 17. exf5 Nc6 18. Nb5 a6 19. Nxd6 Nd4 20. Nxe8 Nf3+ 21. Bxf3 Qxd2 22. Nxf6+ gxf6 23. Rf2 Qc3 24. Rd1 Re8 25. Bxb7 Re1+ 26. Rxe1 Qxe1+ 27. Kg2 a5 28. Bf3 Kf8 29. Re2 Qc3 30. Bc6 Qd3 31. Re8+ Kg7 32. Bd5 Qc2+ 33. Kf3 Qd1+ 34. Kf2 Qc2+ 35. Kf3 Qd1+ 36. Kf2 Qc2+ 37. Re2 Qd3 38. Re7 Qc2+ 39. Kf3 Qd1+ 40. Kg2 Qc2+ 41. Kh3 Qxf5+ 42. Kh4 h5 43. Be6 Qe4 44. Rxf7+ Kg6 45. Re7 Kh6 46. Re8 Qc2 47. h3 Qxa2 48. Rh8+ Kg7 49. Rg8+ Kh7 50. Rb8 Kg6 51. Rb7 Qd2 52. Bg8 f5 53. Bf7+ Kh6 54. Bd5 Qe3 55. Rb6+ Kg7 56. Rb8 Kh6 57. Rb6+ Kg7 58. Ra6 Qxb3 59. Ra7+ Kh6 60. Ra6+ Kg7 61. Ra7+ Kh6 62. Ra6+ Kg7 63. Ra7+ 1/2-1/2

[Event "25th Abu Dhabi Master 2018"]
[Site "Abu Dhabi"]
[Date "2018.08.14"]
[Round "8"]
[White "Raja Rithvik R"]
[Black "Jubin Jimmy"]
[Result "1/2-1/2"]
[WhiteElo "2436"]
[BlackElo "2267"]
[Annotator "NA"]
[PlyCount "77"]
[EventDate "2018.08.05"]
[EventType "swiss"]
[EventCountry "UAE"]
[SourceTitle "playchess.com"]
[Source "ChessBase"]
[SourceQuality "1"]

1. d4 Nf6 2. c4 e6 3. g3 d5 4. Nf3 Bb4+ 5. Bd2 Be7 6. Bg2 O-O 7. O-O c6 8. Qc2 Nbd7 9. Bf4 b6 10. Rd1 Bb7 11. Ne5 Nh5 12. Bc1 Nhf6 13. Bf4 Nh5 14. Bd2 Nhf6 15. cxd5 cxd5 16. Nc6 Bxc6 17. Qxc6 Qc8 18. Qa4 a6 19. Nc3 b5 20. Qb3 Nb6 21. Rdc1 Nc4 22. Bg5 Qd7 23. a4 b4 24. Nd1 a5 25. Qd3 h6 26. Bxf6 Bxf6 27. b3 Nd6 28. e3 Rfc8 29. Qd2 Rxc1 30. Rxc1 Rc8 31. Nb2 Rxc1+ 32. Qxc1 Qc8 33. Qxc8+ Nxc8 34. Nd3 Kf8 35. Kf1 Be7 36. Ke2 Bd6 37. Bf3 Ke7 38. h4 Nb6 39. Kd2 1/2-1/2

[Event "25th Abu Dhabi Master 2018"]
[Site "Abu Dhabi"]
[Date "2018.08.14"]
[Round "8"]
[White "Sadhwani, Raunak"]
[Black "Shailesh, Dravid"]
[Result "1-0"]
[WhiteElo "2424"]
[BlackElo "2290"]
[Annotator "NA RC"]
[PlyCount "59"]
[EventDate "2018.08.05"]
[EventType "swiss"]
[EventCountry "UAE"]
[SourceTitle "playchess.com"]
[Source "ChessBase"]
[SourceQuality "1"]

1. e4 c5 2. Na3 Nc6 3. Bb5 g6 4. Nf3 Bg7 5. O-O Nf6 6. e5 Ng4 7. Bxc6 bxc6 8. Re1 O-O 9. h3 Nh6 10. d3 Nf5 11. Nc4 d5 12. exd6 exd6 13. Bg5 f6 14. Bf4 d5 15. Ncd2 g5 16. Bh2 h5 17. Nb3 Qb6 18. Nfd2 a5 19. a4 h4 20. c4 Rd8 21. Rc1 Bf8 22. Qh5 Kg7 23. Nf3 Be7 24. Nxg5 fxg5 25. Rxe7+ Nxe7 26. Be5+ Kf8 27. Qh8+ Kf7 28. Qg7+ Ke8 29. Re1 Rd7 30. Bd6 1-0

[Event "25th Abu Dhabi Master 2018"]
[Site "Abu Dhabi"]
[Date "2018.08.14"]
[Round "8"]
[White "Ikeda, Junta"]
[Black "Jeet, Jain"]
[Result "1-0"]
[WhiteElo "2419"]
[BlackElo "2136"]
[Annotator "TA"]
[PlyCount "79"]
[EventDate "2018.08.05"]
[EventType "swiss"]
[EventCountry "UAE"]
[SourceTitle "playchess.com"]
[Source "ChessBase"]
[SourceQuality "1"]

1. c4 e6 2. Nf3 d5 3. e3 Nf6 4. b3 Be7 5. Bb2 O-O 6. Nc3 b6 7. d4 Bb7 8. Bd3 Nbd7 9. O-O Ne4 10. Rc1 a6 11. Qc2 f5 12. Ne2 Bd6 13. b4 c6 14. a3 Qf6 15. c5 Bc7 16. cxb6 Bxb6 17. Ne5 Nxe5 18. dxe5 Qh6 19. Bd4 Bd8 20. f3 Ng5 21. Bc5 Re8 22. Nd4 Nf7 23. f4 g5 24. Rf3 g4 25. Rff1 Bc7 26. Nb3 Nd8 27. Bd4 Bc8 28. Na5 Bxa5 29. bxa5 Qg7 30. Bb6 Qd7 31. h3 gxh3 32. gxh3 Bb7 33. Kh2 c5 34. Rg1+ Kh8 35. Qxc5 Nc6 36. Bxf5 exf5 37. e6 Rxe6 38. Qxc6 Rxc6 39. Bd4+ Qg7 40. Rxg7 1-0

[Event "25th Abu Dhabi Master 2018"]
[Site "Abu Dhabi"]
[Date "2018.08.14"]
[Round "8"]
[White "Arjun Kalyan"]
[Black "Sammed Jaykumar, Shete"]
[Result "1/2-1/2"]
[WhiteElo "2390"]
[BlackElo "2314"]
[Annotator "NA"]
[PlyCount "141"]
[EventDate "2018.08.05"]
[EventType "swiss"]
[EventCountry "UAE"]
[SourceTitle "playchess.com"]
[Source "ChessBase"]
[SourceQuality "1"]

1. e4 e5 2. Nf3 Nc6 3. Bb5 a6 4. Ba4 Nf6 5. O-O Be7 6. Re1 b5 7. Bb3 O-O 8. h3 Bb7 9. d3 d6 10. a3 Qd7 11. Nc3 h6 12. Ne2 Rfe8 13. Ng3 Bf8 14. c3 Na5 15. Ba2 c5 16. b4 Nc6 17. d4 cxd4 18. cxd4 exd4 19. Bb2 Ne5 20. Bxd4 Bc6 21. Rc1 Qb7 22. Qb3 Rac8 23. Nxe5 dxe5 24. Bc5 g6 25. Bxf8 Rxf8 26. Qe3 Kg7 27. Rc5 Nd7 28. Rc3 Nf6 29. Rec1 Bd7 30. Rc5 Rfe8 31. Bd5 Qb8 32. R1c3 Rxc5 33. bxc5 Qc7 34. c6 Be6 35. Qc5 h5 36. Rc1 h4 37. Nf1 Bc8 38. Ne3 Nh5 39. Bb3 Qd8 40. Nd5 Qg5 41. Qe3 Nf4 42. Nxf4 exf4 43. Qc3+ f6 44. Re1 Re7 45. Qd3 Qe5 46. Bd5 a5 47. f3 Qg5 48. Kh1 Qg3 49. Re2 Re5 50. Qd4 Bxh3 51. Qa7+ Kh6 52. Qf2 Bc8 53. Qxg3 fxg3 54. f4 Re7 55. Rb2 g5 56. Rxb5 gxf4 57. Rb8 Rc7 58. Kg1 h3 59. Rb3 h2+ 60. Kh1 f5 61. Rb1 fxe4 62. Bxe4 Kg5 63. Rc1 Kf6 64. Bf3 Bf5 65. a4 Be6 66. Rb1 Rc8 67. Rc1 Ke7 68. Re1 Re8 69. Bg4 Kd6 70. Bxe6 Rxe6 71. Rxe6+ 1/2-1/2

[Event "25th Abu Dhabi Master 2018"]
[Site "Abu Dhabi"]
[Date "2018.08.14"]
[Round "8"]
[White "Krishna Teja, N."]
[Black "Parligras, Mircea-Emilian"]
[Result "1-0"]
[WhiteElo "2389"]
[BlackElo "2645"]
[Annotator "TA"]
[PlyCount "137"]
[EventDate "2018.08.05"]
[EventType "swiss"]
[EventCountry "UAE"]
[SourceTitle "playchess.com"]
[Source "ChessBase"]
[SourceQuality "1"]

1. d4 Nf6 2. c4 e6 3. g3 Bb4+ 4. Bd2 Be7 5. Bg2 d5 6. Nf3 c6 7. Qc2 O-O 8. O-O Nbd7 9. Bf4 b6 10. cxd5 cxd5 11. Nc3 Bb7 12. Rfc1 Rc8 13. Qb3 a6 14. Nd1 Rc6 15. Rxc6 Bxc6 16. Rc1 Qa8 17. Ne5 Nxe5 18. Bxe5 Nd7 19. Bf4 Rc8 20. Bd2 b5 21. Bb4 Bf6 22. e3 a5 23. Qa3 Bd8 24. Be7 Bc7 25. Qc3 Bb6 26. a3 Bb7 27. Qd2 Re8 28. Bd6 Nf6 29. Nc3 Bc6 30. Qd3 Ne4 31. Nxb5 Nxd6 32. Nxd6 Rb8 33. Qc2 Bd7 34. Bf1 Bd8 35. a4 Rb6 36. Nb5 Rc6 37. Nc3 Rc7 38. Bb5 Bc8 39. Qd2 Bb7 40. Na2 Re7 41. Rc3 Bb6 42. Qc2 Qd8 43. Nc1 e5 44. Nb3 exd4 45. Nxd4 g6 46. Be2 Qd7 47. Bf3 Bxd4 48. exd4 Re1+ 49. Kg2 Ba6 50. Qd2 Ra1 51. Bd1 Qf5 52. Re3 Kg7 53. Re1 Qf6 54. b3 Qc6 55. Bf3 Rxe1 56. Qxe1 Bd3 57. Qe5+ Kf8 58. Qxd5 Qc1 59. Qc5+ Qxc5 60. dxc5 Ke7 61. Bd5 g5 62. f4 gxf4 63. gxf4 f6 64. Kf3 h6 65. Ke3 Bc2 66. Kd4 Bd1 67. Bc4 Kd7 68. Bd5 Kc7 69. Ke4 1-0

[Event "25th Abu Dhabi Master 2018"]
[Site "Abu Dhabi"]
[Date "2018.08.14"]
[Round "8"]
[White "Rakesh Kumar Jena"]
[Black "Istratescu, Andrei"]
[Result "0-1"]
[WhiteElo "2385"]
[BlackElo "2573"]
[Annotator "ChessBase"]
[PlyCount "62"]
[EventDate "2018.08.05"]
[EventType "swiss"]
[EventCountry "UAE"]
[SourceTitle "playchess.com"]
[Source "ChessBase"]
[SourceQuality "1"]

1. Nf3 Nf6 2. d4 c5 3. c3 e6 4. Bf4 cxd4 5. cxd4 Qb6 6. Nc3 Qxb2 7. Bd2 Qb6 8. Rb1 Qd8 9. e4 d6 10. Bb5+ Nfd7 11. h4 a6 12. Bd3 Be7 13. Qe2 Nc6 14. Bc2 e5 15. dxe5 Ndxe5 16. Nd5 O-O 17. Bc3 b5 18. Nxe5 dxe5 19. Rd1 Bc5 20. g4 Nd4 21. Bxd4 Bxd4 22. g5 Be6 23. Bb3 Rc8 24. Kf1 Rc5 25. Qf3 Kh8 26. Kg2 f5 27. Nf6 Bxb3 28. Nxh7 Bxd1 29. Rxd1 g6 30. Nxf8 Qxf8 31. h5 Rc3 0-1

[Event "25th Abu Dhabi Master 2018"]
[Site "Abu Dhabi"]
[Date "2018.08.14"]
[Round "8"]
[White "Anand Nadar"]
[Black "Sharma, Dinesh K"]
[Result "1-0"]
[WhiteElo "2377"]
[BlackElo "2275"]
[Annotator "NA"]
[PlyCount "59"]
[EventDate "2018.08.05"]
[EventType "swiss"]
[EventCountry "UAE"]
[SourceTitle "playchess.com"]
[Source "ChessBase"]
[SourceQuality "1"]

1. d4 Nf6 2. c4 e6 3. g3 d5 4. Bg2 Bb4+ 5. Bd2 Bd6 6. Nf3 c6 7. Qc2 Nbd7 8. O-O O-O 9. Bg5 h6 10. Bxf6 Nxf6 11. Nbd2 b6 12. e4 Be7 13. e5 Nd7 14. Rfc1 Nb8 15. Nf1 a5 16. Ne3 Na6 17. cxd5 cxd5 18. a3 Bd7 19. Bf1 b5 20. Bd3 Qb6 21. Qd2 Rfc8 22. Ng4 Bf8 23. Bc2 b4 24. Qd3 Rxc2 25. Rxc2 Bb5 26. Qd2 Ba4 27. Rcc1 Nc7 28. axb4 Bxb4 29. Qf4 Be8 30. Nf6+ 1-0

[Event "25th Abu Dhabi Master 2018"]
[Site "Abu Dhabi"]
[Date "2018.08.14"]
[Round "8"]
[White "Kulkarni, Chinmay"]
[Black "Lalith Babu M R"]
[Result "0-1"]
[WhiteElo "2355"]
[BlackElo "2520"]
[Annotator "ChessBase"]
[PlyCount "70"]
[EventDate "2018.08.05"]
[EventType "swiss"]
[EventCountry "UAE"]
[SourceTitle "playchess.com"]
[Source "ChessBase"]
[SourceQuality "1"]

1. e4 c6 2. d4 d5 3. Nd2 dxe4 4. Nxe4 Bf5 5. Ng3 Bg6 6. c3 Nd7 7. Nh3 Qc7 8. Bc4 e6 9. Nf4 Ngf6 10. Qf3 Bd6 11. O-O O-O-O 12. Nxg6 hxg6 13. Bg5 Rdf8 14. h3 Nd5 15. Ne4 Rh5 16. Bxd5 Bh2+ 17. Kh1 exd5 18. Ng3 Bxg3 19. Be7 Bd6 20. Bxf8 Nxf8 21. Rfe1 Ne6 22. Qg4 Qe7 23. Re2 Rh4 24. Qf3 Rf4 25. Qd3 Qf6 26. Kg1 Rh4 27. Rae1 Qf4 28. g3 Rxh3 29. Rxe6 fxe6 30. Qxg6 Qh6 31. Qe8+ Kc7 32. Rxe6 Rh1+ 33. Kg2 Qh3+ 34. Kf3 Qf5+ 35. Kg2 Rh6 0-1

[Event "25th Abu Dhabi Master 2018"]
[Site "Abu Dhabi"]
[Date "2018.08.14"]
[Round "8"]
[White "Omar, Noaman"]
[Black "Pantsulaia, Levan"]
[Result "0-1"]
[WhiteElo "2353"]
[BlackElo "2587"]
[Annotator "ChessBase"]
[PlyCount "70"]
[EventDate "2018.08.05"]
[EventType "swiss"]
[EventCountry "UAE"]
[SourceTitle "playchess.com"]
[Source "ChessBase"]
[SourceQuality "1"]

1. d4 Nf6 2. Nc3 d5 3. Bf4 a6 4. e3 e6 5. a3 c5 6. Nf3 Nc6 7. Ne5 Bd6 8. Nxc6 bxc6 9. dxc5 Bxc5 10. Bd3 Bd6 11. Bxd6 Qxd6 12. e4 d4 13. Nb1 e5 14. Nd2 O-O 15. O-O Be6 16. Qe2 Qb8 17. b3 a5 18. a4 Nd7 19. Rae1 Re8 20. Bc4 Qb4 21. Bxe6 Rxe6 22. Rd1 Nb6 23. Nf3 c5 24. Ng5 Re7 25. Qh5 h6 26. Nf3 c4 27. Rb1 Qc5 28. bxc4 Nxa4 29. Rb5 Qxc4 30. Rxe5 Rxe5 31. Nxe5 Qe6 32. Rb1 Nc3 33. Rb7 a4 34. Nxf7 a3 35. f3 a2 0-1

[Event "25th Abu Dhabi Master 2018"]
[Site "Abu Dhabi"]
[Date "2018.08.14"]
[Round "8"]
[White "Samhouri, A."]
[Black "Divya Deshmukh"]
[Result "1-0"]
[WhiteElo "2348"]
[BlackElo "2172"]
[Annotator "NA"]
[PlyCount "103"]
[EventDate "2018.08.05"]
[EventType "swiss"]
[EventCountry "UAE"]
[SourceTitle "playchess.com"]
[Source "ChessBase"]
[SourceQuality "1"]

1. Nf3 Nf6 2. d4 g6 3. c4 Bg7 4. Nc3 d5 5. Qb3 dxc4 6. Qxc4 c6 7. e4 b5 8. Qd3 a6 9. Bg5 O-O 10. Be2 Be6 11. O-O Nbd7 12. Rfd1 Nb6 13. Ne5 Qc7 14. Bf4 Qb7 15. Bf3 Rfd8 16. Rac1 Nc4 17. Nxc4 Bxc4 18. Qc2 Rac8 19. b3 Be6 20. h3 Nd7 21. Qe2 Nb6 22. Qe3 Bd7 23. Bh6 Bh8 24. Bg5 Be8 25. e5 f6 26. Bf4 Bf7 27. e6 Be8 28. Ne4 Nd5 29. Qd2 f5 30. Nc5 Qa7 31. Bg5 b4 32. Bxd5 Rxd5 33. Qxb4 Rcd8 34. Qb7 Qxb7 35. Nxb7 Rb8 36. Nc5 Kf8 37. Nxa6 Rb6 38. Nc7 Rd8 39. Bh6+ Kg8 40. d5 Bg7 41. Be3 Rbb8 42. Nxe8 Rxe8 43. dxc6 Be5 44. c7 Rbc8 45. b4 Rxc7 46. Rxc7 Bxc7 47. b5 Rb8 48. Rd7 Bd6 49. b6 Kg7 50. Bd4+ Kf8 51. b7 Re8 52. Rxd6 1-0

[Event "25th Abu Dhabi Master 2018"]
[Site "Abu Dhabi"]
[Date "2018.08.14"]
[Round "8"]
[White "Saravana, Krishnan P"]
[Black "Dixit, Nikhil"]
[Result "1/2-1/2"]
[WhiteElo "2348"]
[BlackElo "2240"]
[Annotator "NA"]
[PlyCount "97"]
[EventDate "2018.08.05"]
[EventType "swiss"]
[EventCountry "UAE"]
[SourceTitle "playchess.com"]
[Source "ChessBase"]
[SourceQuality "1"]

1. e4 g6 2. d4 Bg7 3. Nf3 d6 4. Nc3 c6 5. h3 Nf6 6. Be3 O-O 7. Qd2 b5 8. Bd3 Nbd7 9. O-O e5 10. dxe5 dxe5 11. a4 b4 12. Ne2 a5 13. c3 Qe7 14. cxb4 axb4 15. Rfc1 Rd8 16. Qc2 Ba6 17. Bxa6 Rxa6 18. Ng3 Rda8 19. b3 Ne8 20. Nf1 Nc7 21. Bg5 Qe8 22. Bd2 Bf8 23. Qc4 Nb5 24. Rd1 Na3 25. Qe2 Qe6 26. Be1 R6a7 27. Qb2 Rb7 28. Rac1 Nc5 29. Rxc5 Bxc5 30. Rc1 Bf8 31. Ne3 Rd8 32. Qxe5 Qxb3 33. Ng4 Bg7 34. Nf6+ Bxf6 35. Qxf6 Rbd7 36. Rxc6 Qd1 37. e5 Nc2 38. Rxc2 Qxc2 39. e6 fxe6 40. Qxe6+ Kg7 41. Qe5+ Kg8 42. Qe6+ Kg7 43. Bxb4 Qb1+ 44. Be1 Rd1 45. Qe7+ Kg8 46. Kh2 Qb8+ 47. Ne5 Rxe1 48. Qf7+ Kh8 49. Qf6+ 1/2-1/2

[Event "25th Abu Dhabi Master 2018"]
[Site "Abu Dhabi"]
[Date "2018.08.14"]
[Round "8"]
[White "Aliyev, Ravan"]
[Black "Vishnu Prasanna  V"]
[Result "1/2-1/2"]
[WhiteElo "2346"]
[BlackElo "2517"]
[Annotator "TA"]
[PlyCount "80"]
[EventDate "2018.08.05"]
[EventType "swiss"]
[EventCountry "UAE"]
[SourceTitle "playchess.com"]
[Source "ChessBase"]
[SourceQuality "1"]

1. d4 g6 2. c4 Bg7 3. Nc3 d6 4. g3 Nd7 5. Bg2 e5 6. e3 Ne7 7. Nge2 O-O 8. O-O Re8 9. b3 exd4 10. Nxd4 a6 11. Bb2 Rb8 12. a4 a5 13. Qc2 Nc5 14. Ne4 Nxe4 15. Bxe4 d5 16. Bg2 c5 17. Nb5 d4 18. exd4 cxd4 19. Qd2 Nc6 20. Rfe1 Rxe1+ 21. Rxe1 Be6 22. Ba3 Qd7 23. Bd6 Rc8 24. Bd5 b6 25. Bxe6 fxe6 26. Qe2 e5 27. Qe4 Nb4 28. Bxb4 axb4 29. Rd1 Rd8 30. Rd3 Qf5 31. f3 Qd7 32. Kg2 Bf6 33. Qe2 Kg7 34. Qe4 h5 35. h4 Kf7 36. Kh2 Kg7 37. Kg2 Rg8 38. Rd1 Rd8 39. Rd3 Rc8 40. Rd1 Rd8 1/2-1/2

[Event "25th Abu Dhabi Master 2018"]
[Site "Abu Dhabi"]
[Date "2018.08.14"]
[Round "8"]
[White "Sidhant, Mohapatra"]
[Black "Kunte, Abhijit"]
[Result "0-1"]
[WhiteElo "2341"]
[BlackElo "2485"]
[Annotator "ChessBase"]
[PlyCount "36"]
[EventDate "2018.08.05"]
[EventType "swiss"]
[EventCountry "UAE"]
[SourceTitle "playchess.com"]
[Source "ChessBase"]
[SourceQuality "1"]

1. Nf3 Nf6 2. d4 b6 3. Bg5 Bb7 4. Nbd2 e6 5. e3 Be7 6. Bd3 c5 7. c3 O-O 8. Qe2 Nc6 9. h4 Rc8 10. Bxf6 gxf6 11. Bxh7+ Kxh7 12. Ng5+ Kg7 13. Nh7 Rh8 14. Qg4+ Kxh7 15. Rh3 Qf8 16. Nf3 Qg7 17. Qf4 Qh6 18. Ng5+ Kg7 0-1

[Event "25th Abu Dhabi Master 2018"]
[Site "Abu Dhabi"]
[Date "2018.08.14"]
[Round "8"]
[White "Ahmad, Al Khatib"]
[Black "Vignesh N R"]
[Result "1-0"]
[WhiteElo "2336"]
[BlackElo "2464"]
[Annotator "TA"]
[PlyCount "67"]
[EventDate "2018.08.05"]
[EventType "swiss"]
[EventCountry "UAE"]
[SourceTitle "playchess.com"]
[Source "ChessBase"]
[SourceQuality "1"]

1. Nf3 Nf6 2. g3 d5 3. Bg2 c6 4. O-O Bf5 5. d3 e6 6. Nbd2 h6 7. Qe1 Be7 8. e4 Bh7 9. Qe2 O-O 10. Re1 a5 11. e5 Nfd7 12. Nf1 a4 13. a3 c5 14. h4 Nc6 15. N1h2 Re8 16. Bf4 b5 17. h5 c4 18. d4 b4 19. Qd2 c3 20. bxc3 bxa3 21. Ng4 Bf8 22. Bxh6 gxh6 23. Nxh6+ Bxh6 24. Qxh6 f5 25. c4 Nf8 26. cxd5 Nb4 27. Ng5 Nxc2 28. dxe6 Nxe1 29. Rxe1 Rb8 30. d5 a2 31. d6 Rb1 32. e7 Rxe1+ 33. Kh2 Rxe5 34. exf8=Q+ 1-0

[Event "25th Abu Dhabi Master 2018"]
[Site "Abu Dhabi"]
[Date "2018.08.14"]
[Round "8"]
[White "Siva Mahadevan"]
[Black "Srija, Seshadri"]
[Result "1-0"]
[WhiteElo "2331"]
[BlackElo "2255"]
[Annotator "NA"]
[PlyCount "47"]
[EventDate "2018.08.05"]
[EventType "swiss"]
[EventCountry "UAE"]
[SourceTitle "playchess.com"]
[Source "ChessBase"]
[SourceQuality "1"]

1. e4 e5 2. Nf3 Nc6 3. Bb5 a6 4. Ba4 Nf6 5. O-O b5 6. Bb3 Bb7 7. d3 Bd6 8. a3 O-O 9. Nc3 h6 10. Be3 Re8 11. Qd2 Na5 12. Ba2 c5 13. Nh4 b4 14. Na4 Nxe4 15. dxe4 Qxh4 16. f3 Bc7 17. Nxc5 bxa3 18. b4 Qd8 19. bxa5 Bxa5 20. Bxf7+ Kxf7 21. Nxb7 Bxd2 22. Nxd8+ Rexd8 23. Bxd2 Rdc8 24. c3 1-0